Entry Toplantı Adı
001 - KONTROL NUMARASI
- Kontrol alanı: 27565
003 - KONTROL NUMARASI KİMLİĞİ
- Kontrol alanı: TR-BiSEU
005 - SON İŞLEM TARİHİ VE ZAMANI
- Kontrol alanı: 20260207001813.0
008 - SABİT UZUNLUKTAKİ VERİ ÖGELERİ - GENEL BİLGİ
- Sabit uzunlukta kontrol alanı: 260207|| aca||aabn | a|a d
040 ## - KATALOGLAMA KAYNAĞI
- Özgün kataloglama kurumu: TR-BiSEU
- Çeviri kurumu: TR-BiSEU
111 ## - KONU BAŞLIKLARI - TOPLANTI ADI
- Toplantı adı: Manas Destanı ve Etkileri Uluslararası Bilgi Şöleni (1995 : Ankara)
670 ## - BİLGİNİN KAYNAĞI
- Bilginin alındığı kaynak: KOHA: (TR-BiSEU)11284: Manas Destanı ve Etkileri Uluslararası Bilgi Şöleni (1995 : Ankara), Manas destanı ve etkinlikleri uluslararası bilgi şöleni 21-23 Haziran 1995 24-26 Haziran 1995.
